00934 2200289 4500001002100000005001700021008004100038020001800079035002400097040001200121082001100133090001800144100004700162245015300209250001100362260003300373300002000406500005800426500002700484650001000511700002400521700001900545700002600564850001200590990002100602990002100623YOGYA-0412000000005020120415191259.0 ind  a979-26-6122-0 0010-041200000000050 aYOPDYOG a297.14 a297.14bFai R aAlu Mubarak, Syaikh Faishal bin Abdu; Aziz aRingkasan nailul autharcSyaikh Faishal bin Abdul Aziz Alu Mubarak ; penerjemah, Amir Hamzah Fachrudin, Asep Saefullah ; editor, Rahmat Hidayatullah aCet. 1 aJakartabPustaka Azzamc2007 a...jil.c23 cm. aJudul asli : Bustanul ahbar mukhtashar nail al-authas aYang diterima : Jil. 4 aFikih aRahmat Hidayatullah aAsep Saefullah aAmir Hamzah Fachrudin aYOPDYOG a46302-PD/B.09b1 a46303-PD/B.09b1